Bhasa aru sahitya: (Record no. 11168)

MARC details
000 -LEADER
fixed length control field 00709nam a22002297a 4500
005 - DATE AND TIME OF LATEST TRANSACTION
control field 20210401134403.0
008 - FIXED-LENGTH DATA ELEMENTS--GENERAL INFORMATION
fixed length control field 210401b ||||| |||| 00| 0 eng d
020 ## - INTERNATIONAL STANDARD BOOK NUMBER
International Standard Book Number 9788186384435
040 ## - CATALOGING SOURCE
Original cataloging agency IN-DiNC
Transcribing agency IN-DiNC
041 ## - LANGUAGE CODE
Language code of sung or spoken text Assamese
082 ## - DEWEY DECIMAL CLASSIFICATION NUMBER
Classification number 491.451
Item number BHA
245 ## - TITLE STATEMENT
Title Bhasa aru sahitya:
Remainder of title bichar aru bishleshan/
Statement of responsibility, etc. edited by Dipti Phukan Patgiri, Smritirekha Bhuyan and Monalisha Bora
250 ## - EDITION STATEMENT
Edition statement 1st ed.
260 ## - PUBLICATION, DISTRIBUTION, ETC.
Place of publication, distribution, etc. Guwahati:
Name of publisher, distributor, etc. Assam publishing company,
Date of publication, distribution, etc. 2017
300 ## - PHYSICAL DESCRIPTION
Extent 380p.
650 ## - SUBJECT ADDED ENTRY--TOPICAL TERM
Topical term or geographic name entry element Languages of Assam
650 ## - SUBJECT ADDED ENTRY--TOPICAL TERM
Topical term or geographic name entry element Assamese literature
700 ## - ADDED ENTRY--PERSONAL NAME
Personal name Patgiri, Dipti Phukan
Relator term Editor
700 ## - ADDED ENTRY--PERSONAL NAME
Personal name Bhuyan, Smritirekha
Relator term Editor
700 ## - ADDED ENTRY--PERSONAL NAME
Personal name Bora, Monalisha
Relator term Editor
942 ## - ADDED ENTRY ELEMENTS (KOHA)
Source of classification or shelving scheme Dewey Decimal Classification
Koha item type Books
Holdings
Withdrawn status Lost status Source of classification or shelving scheme Damaged status Not for loan Collection code Home library Current library Shelving location Date acquired Cost, normal purchase price Full call number Barcode Date last seen Copy number Price effective from Koha item type
    Dewey Decimal Classification     Assamese Naharkatiya College Library Naharkatiya College Library General Stacks 01/04/2021 500.00 491.451 BHA 25549 01/04/2021 1 01/04/2021 Books

Naharkatiya College © 2020. All rights reserved.

Powered By